Loading...
| Literature - European | 0 | 5 | 0 | 0 | 50 | 96 | 114.80 | 0 | 0 | 9.01 | 19.62 |
| Literature - American | 0 | 5 | 2 | 0 | 40 | 42 | 94.40 | 0 | 1 | 15.99 | 26.97 |
| History - American | 0 | 3 | 0 | 0 | 30 | 78 | 96.67 | 0 | 0 | 7.27 | 12.95 |
| Literature - British | 0 | 4 | 2 | 0 | 30 | 52 | 89.25 | 0 | 1 | 14.45 | 18.33 |
| Mythology | 0 | 2 | 0 | 0 | 20 | 95 | 95.00 | 0 | 1 | 5.26 | 11.82 |
| History - European | 0 | 2 | 0 | 1 | 20 | 73 | 93.50 | 0 | 0 | 3.60 | 5.83 |
| Literature - World | 0 | 2 | 1 | 0 | 15 | 125 | 131.00 | 0 | 0 | 1.16 | 6.82 |
| Social Science | 0 | 1 | 0 | 0 | 10 | 120 | 120.00 | 0 | 0 | 0.00 | 0.83 |
| Fine Arts - Painting and Sculpture | 0 | 1 | 0 | 0 | 10 | 89 | 89.00 | 0 | 0 | 3.31 | 2.50 |
| History - Other | 0 | 2 | 2 | 1 | 10 | 120 | 121.00 | 0 | 0 | 0.00 | 1.67 |
| History - World | 0 | 1 | 0 | 0 | 10 | 116 | 116.00 | 0 | 0 | 1.53 | 3.64 |
| Popular Culture | 0 | 1 | 0 | 0 | 10 | 46 | 46.00 | 0 | 1 | 33.33 | 41.67 |
| Fine Arts - Classical Music | 0 | 1 | 0 | 0 | 10 | 111 | 111.00 | 0 | 0 | 0.09 | 3.33 |
| Science - Other | 0 | 1 | 0 | 0 | 10 | 101 | 101.00 | 0 | 0 | 0.10 | 2.50 |
| Religion | 0 | 0 | 1 | 0 | -5 | 0.00 | 0 | 0 | 0.00 | 0.00 |